000
00273nam a2200097Ia 4500
001
984457
005
20250826221025.0
008
250824s9999 xx 000 0 und d
245
0
_a
SHERLOCK HOLMES ÜÇ ÖĞRENCİNİN HİKAYESİ
_c
ARTHUR CONAN DOYLE
260
_b
DOKUZ YAYINLARI
999
_c
984457
_d
984457